| 000 | 00905nam a2200253 i 4500 | ||
|---|---|---|---|
| 001 | 000047781 | ||
| 003 | DO-SdBNP | ||
| 005 | 20240424151931.0 | ||
| 007 | ta | ||
| 008 | 180808s2011 dr ac 000 0 spa d | ||
| 040 |
_aDO-SdBNP _bspa _cBNPHU _erda |
||
| 082 | 4 | _222 | |
| 245 | 0 | 3 |
_aEl éxito de una visión : _b10 años / _cdirector, Adriano Miguel Tejada ; redacción y edición, Vivian Jiménez ; fotografías, Maglio Pérez. |
| 264 |
_aSanto Domingo : _bOmnimedia, _c2011. |
||
| 300 |
_a206 páginas : _bilustraciones, retratos ; _c30 cm. |
||
| 336 |
_2rdacontent _atexto _btxt |
||
| 337 |
_2rdamedia _asin mediación _bn |
||
| 338 |
_2rdacarrier _avolumen _bnc |
||
| 590 | _aInventariado, 2024/BT | ||
| 700 | 1 |
_aTejada, Adriano Miguel, _d1948-2020 _edirector _98560 |
|
| 700 | 1 |
_aPérez, Maglio, _efotografías _975370 |
|
| 700 | 1 |
_aJiménez, Vivian, _eredacción y revisión _912398 |
|
| 942 |
_2ddc _cLBS1 |
||
| 999 |
_c47269 _d47269 |
||